000
00210nam a22000857a 4500
008
161124b xxu||||| |||| 00| 0 eng d
100
_9
1353
_a
Pyle.C.
245
_a
Indooe and Outdoor Games-6
260
_a
USA
_b
TCR
_c
2011
999
_c
4067
_d
4067